Osaka Metro 路線別乗降者数1位の駅 - Statistics

General Stats
  • This quiz has been taken 567 times
  • The average score is 6 of 9
Answer Stats
路線 乗降者数 Answer % Correct
御堂筋線 376,997 梅田
98%
四つ橋線 298,803 なんば
87%
千日前線 298,803 なんば
87%
中央線 187,469 本町
82%
谷町線 146,623 東梅田
79%
長堀鶴見緑地線 156,576 心斎橋
63%
南港ポートタウン線 28,453 住之江公園
63%
堺筋線 99,019 堺筋本町
59%
今里筋線 21,217 緑橋
29%
No matching quizzes found
Score Distribution
Percent of People with Each Score
Percentile by Number Answered
Your Score History
You have not taken this quiz